[Event "Titled Tuesday intern op 20th May Late"]
[Site "Chess.com INT"]
[Date "2025.05.20"]
[Round "9"]
[White "Nalbandyan, Vahan"]
[Black "Romero Ruscalleda, Josep"]
[Result "1/2-1/2"]
[WhiteElo "2155"]
[BlackElo "2110"]
[PlyCount "152"]
[EventDate "2025.05.20"]
[EventType "swiss (blitz)"]
[EventRounds "11"]
[EventCountry "USA"]
[SourceTitle "CB22_2025"]
[SourceDate "2025.05.28"]
[SourceVersion "1"]
[SourceVersionDate "2025.05.28"]
[SourceQuality "1"]

1. Nf3 g6 2. d4 Bg7 3. c4 d6 4. g3 Nf6 5. Bg2 0-0 6. Kf1 Bf5 7. Nc3 Qc8 8. h3 Ne4 9. Nxe4 Bxe4 10. Ng5 Bxg2+ 11. Kxg2 Nc6 12. Nf3 e5 13. d5 Ne7 14. e4 h6 15. Ne1 f5 16. f3 c6 17. Nd3 cxd5 18. cxd5 Qc4 19. Qe2 Rf7 20. Bd2 Raf8 21. Rhf1 Kh7 22. b3 Qc7 23. Rac1 Qd7 24. Be3 b6 25. a4 f4 26. gxf4 exf4 27. Bf2 g5 28. e5 dxe5 29. Nxe5 Bxe5 30. Qxe5 Qxd5 31. Qxd5 Nxd5 32. Rfe1 Kg6 33. Re6+ Rf6 34. Re5 Nb4 35. Rd1 Rc8 36. Rd2 Rc3 37. h4 Rxb3 38. Rb5 a5 39. Bxb6 Re3 40. Bxe3 fxe3 41. Re2 Re6 42. hxg5 hxg5 43. Rxa5 Nd3 44. Kg3 Nf4 45. Re1 e2 46. Rb5 Nd3 47. Rbb1 Nxe1 48. Rxe1 Kf5 49. a5 Ra6 50. Rxe2 Rxa5 51. Rb2 Ra4 52. Rb5+ Kg6 53. Rc5 Kh5 54. Kf2 Kh4 55. Rc8 Ra2+ 56. Ke3 Kg3 57. Rg8 Ra3+ 58. Ke4 Ra4+ 59. Ke3 Ra5 60. f4 Ra3+ 61. Ke4 Ra4+ 62. Ke5 Rxf4 63. Rxg5+ Rg4 64. Rf5 Ra4 65. Rg5+ Kf3 66. Kf6 Kf4 67. Rf5+ Ke4 68. Rb5 Ra6+ 69. Ke7 Kd4 70. Rb7 Ke5 71. Rd7 Rb6 72. Rc7 Re6+ 73. Kd7 Rd6+ 74. Ke7 Re6+ 75. Kd7 Rd6+ 76. Ke7 Re6+ 1/2-1/2

[Event "Titled Tuesday intern op 20th May Late"]
[Site "Chess.com INT"]
[Date "2025.05.20"]
[Round "6"]
[White "Romero Ruscalleda, Josep"]
[Black "Bustelo, Tabare"]
[Result "1-0"]
[WhiteElo "2110"]
[BlackElo "2043"]
[PlyCount "53"]
[EventDate "2025.05.20"]
[EventType "swiss (blitz)"]
[EventRounds "11"]
[EventCountry "USA"]
[SourceTitle "CB22_2025"]
[SourceDate "2025.05.28"]
[SourceVersion "1"]
[SourceVersionDate "2025.05.28"]
[SourceQuality "1"]

1. e4 e5 2. Nf3 f5 3. Nxe5 Qf6 4. d4 d6 5. Nc4 fxe4 6. Nc3 Bf5 7. Qe2 Ne7 8. Be3 Nbc6 9. 0-0-0 d5 10. Ne5 Nxe5 11. dxe5 Qxe5 12. Qb5+ Bd7 13. Qxb7 Bc6 14. Bb5 Qd6 15. Qxa8+ Kf7 16. Bxc6 Nxc6 17. Rxd5 Qe6 18. Qb7 Bb4 19. Qxc7+ Ne7 20. Re5 Bd6 21. Rxe6 Bxc7 22. Rxe4 Rc8 23. Rd1 Ba5 24. Bd4 Nc6 25. Nd5 Rd8 26. Bc3 Bb6 27. Nxb6 1-0

[Event "Titled Tuesday intern op 20th May Late"]
[Site "Chess.com INT"]
[Date "2025.05.20"]
[Round "1"]
[White "Shuvalov, Evgenij"]
[Black "Romero Ruscalleda, Josep"]
[Result "1-0"]
[WhiteElo "1986"]
[BlackElo "2110"]
[PlyCount "63"]
[EventDate "2025.05.20"]
[EventType "swiss (blitz)"]
[EventRounds "11"]
[EventCountry "USA"]
[SourceTitle "CB22_2025"]
[SourceDate "2025.05.28"]
[SourceVersion "1"]
[SourceVersionDate "2025.05.28"]
[SourceQuality "1"]

1. d4 g6 2. c4 Bg7 3. e4 d6 4. Nc3 Nc6 5. Be3 e5 6. d5 Nce7 7. g4 f5 8. gxf5 gxf5 9. Qh5+ Kf8 10. exf5 Nf6 11. Qd1 Nxf5 12. Qd2 Nxe3 13. fxe3 Bg4 14. Be2 Qd7 15. 0-0-0 Ke7 16. Nf3 Bxf3 17. Bxf3 a6 18. Rdf1 Raf8 19. Bg2 Bh6 20. Nd1 Qa4 21. b3 Qa3+ 22. Kb1 Kd8 23. Bh3 Nd7 24. Bxd7 Kxd7 25. Qg2 Kd8 26. Qh3 Bg7 27. Rhg1 Bf6 28. Qe6 Be7 29. Rg7 Re8 30. Rff7 Qa5 31. Rxe7 Qd2 32. Qd7# 1-0

[Event "Titled Tuesday intern op 04th Feb Late"]
[Site "Chess.com INT"]
[Date "2025.02.04"]
[Round "7"]
[White "Garcia Garcia, Adrian Antonio"]
[Black "Romero Ruscalleda, Josep"]
[Result "0-1"]
[WhiteElo "2140"]
[BlackElo "2161"]
[PlyCount "66"]
[EventDate "2025.02.04"]
[EventType "swiss (blitz)"]
[EventRounds "11"]
[EventCountry "USA"]
[SourceTitle "CB07_2025"]
[SourceDate "2025.02.12"]
[SourceVersion "1"]
[SourceVersionDate "2025.02.12"]
[SourceQuality "1"]

1. e4 g6 2. Nf3 Bg7 3. Bc4 d6 4. c3 c6 5. d4 d5 6. exd5 cxd5 7. Bb5+ Nc6 8. 0-0 Nf6 9. Re1 0-0 10. Bg5 Qc7 11. Bxc6 bxc6 12. Nbd2 Re8 13. Nb3 Ne4 14. Nc5 Nxg5 15. Nxg5 h6 16. Nf3 Rb8 17. b4 a5 18. a3 axb4 19. axb4 Qd6 20. Ra7 Bg4 21. Qd3 Qf4 22. Raxe7 Rxe7 23. Rxe7 Bxf3 24. h3 Qg5 25. Qxf3 Qxe7 26. g3 Ra8 27. h4 Ra2 28. b5 cxb5 29. Qxd5 Qe1+ 30. Kh2 Qxf2+ 31. Kh3 Qh2+ 32. Kg4 h5+ 33. Kg5 Qd2# 0-1

[Event "Titled Tuesday intern op 04th Feb Late"]
[Site "Chess.com INT"]
[Date "2025.02.04"]
[Round "10"]
[White "Romero Ruscalleda, Josep"]
[Black "Bold, Andre"]
[Result "0-1"]
[WhiteElo "2161"]
[BlackElo "2210"]
[PlyCount "130"]
[EventDate "2025.02.04"]
[EventType "swiss (blitz)"]
[EventRounds "11"]
[EventCountry "USA"]
[SourceTitle "CB07_2025"]
[SourceDate "2025.02.12"]
[SourceVersion "1"]
[SourceVersionDate "2025.02.12"]
[SourceQuality "1"]

1. e4 g6 2. d4 Bg7 3. Nc3 d5 4. exd5 Nf6 5. Bc4 Nbd7 6. Bb3 Nb6 7. Qf3 a5 8. a3 a4 9. Ba2 Bg4 10. Qg3 Bf5 11. Nge2 Bxc2 12. 0-0 0-0 13. Bf4 Rc8 14. Be5 Nfxd5 15. Bxg7 Kxg7 16. Nxd5 Nxd5 17. Rac1 Bf5 18. Bxd5 Qxd5 19. Rxc7 Rxc7 20. Qxc7 Bd3 21. Re1 Bxe2 22. Rxe2 Qxd4 23. Qxe7 Rd8 24. g3 b5 25. Kg2 Qd5+ 26. f3 Rd7 27. Qe3 h5 28. h4 Qd4 29. Qg5 Rd5 30. Qe7 Rf5 31. Qe4 Qd1 32. Qe3 Rd5 33. Qc3+ Qd4 34. Qxd4+ Rxd4 35. Kf2 Rd3 36. Rc2 Rb3 37. Re2 Kf6 38. Kg2 Kf5 39. Kf2 f6 40. Kg2 g5 41. hxg5 fxg5 42. Kf2 g4 43. fxg4+ Kxg4 44. Re4+ Kg5 45. Re2 Kf5 46. Kg2 Rd3 47. Kh3 Rd4 48. Rf2+ Kg5 49. Rf8 Rd2 50. Rg8+ Kh6 51. Rb8 Rxb2 52. Rb6+ Kg5 53. Rb8 Rb3 54. Rb6 h4 55. Kg2 hxg3 56. Rb8 Kf5 57. Rf8+ Ke4 58. Re8+ Kd4 59. Rd8+ Kc3 60. Rc8+ Kb2 61. Kh3 Kxa3 62. Ra8 Kb2 63. Rc8 a3 64. Rg8 a2 65. Rxg3 Rxg3+ 0-1

[Event "Titled Tuesday intern op 04th Feb Late"]
[Site "Chess.com INT"]
[Date "2025.02.04"]
[Round "2"]
[White "Srdanovic, Jovana"]
[Black "Romero Ruscalleda, Josep"]
[Result "1-0"]
[WhiteElo "2207"]
[BlackElo "2161"]
[PlyCount "121"]
[EventDate "2025.02.04"]
[EventType "swiss (blitz)"]
[EventRounds "11"]
[EventCountry "USA"]
[SourceTitle "CB07_2025"]
[SourceDate "2025.02.12"]
[SourceVersion "1"]
[SourceVersionDate "2025.02.12"]
[SourceQuality "1"]

1. Nf3 g6 2. g3 Bg7 3. Bg2 e5 4. d3 d6 5. 0-0 f5 6. c4 c5 7. Nc3 Nc6 8. Nd5 Be6 9. a3 Nf6 10. Ne1 0-0 11. Nc2 h6 12. e3 g5 13. b4 f4 14. exf4 exf4 15. Rb1 Bxd5 16. cxd5 Ne5 17. d4 f3 18. dxe5 fxg2 19. Kxg2 dxe5 20. Ne3 e4 21. Bb2 cxb4 22. axb4 Qd6 23. Nf5 Qd7 24. Nxg7 Kxg7 25. Qd4 Kg6 26. d6 Rad8 27. Rbd1 Qf5 28. f3 Rf7 29. fxe4 Qxe4+ 30. Qxe4+ Nxe4 31. Rxf7 Kxf7 32. d7 Nf6 33. Rf1 Rxd7 34. Rxf6+ Ke7 35. Rf2 Rd3 36. g4 Rb3 37. Bd4 Ke6 38. Bc5 b6 39. Bf8 a5 40. bxa5 bxa5 41. Bxh6 Rb5 42. h4 gxh4 43. g5 Rb3 44. Rf3 h3+ 45. Rxh3 Rb2+ 46. Kg3 Kf5 47. Rh2 Rb3+ 48. Kg2 a4 49. Rh4 a3 50. Ra4 Rb2+ 51. Kg3 a2 52. Kf3 Rb3+ 53. Kf2 Rb2+ 54. Kf3 Kg6 55. Ra6+ Kh5 56. Bg7 Rb3+ 57. Kg2 Kxg5 58. Rxa2 Kg4 59. Ra4+ Kf5 60. Kf2 Rb2+ 61. Bxb2 1-0

[Event "Titled Tuesday intern op 21st Jan Late"]
[Site "Chess.com INT"]
[Date "2025.01.21"]
[Round "6"]
[White "Aggelis, Nikolaos"]
[Black "Romero Ruscalleda, Josep"]
[Result "0-1"]
[WhiteElo "2289"]
[BlackElo "2153"]
[PlyCount "126"]
[EventDate "2025.01.21"]
[EventType "swiss (blitz)"]
[EventRounds "11"]
[EventCountry "USA"]
[SourceTitle "CB05_2025"]
[SourceDate "2025.01.29"]
[SourceVersion "1"]
[SourceVersionDate "2025.01.29"]
[SourceQuality "1"]

1. c4 g6 2. g3 Bg7 3. Bg2 d6 4. Nc3 e5 5. d3 f5 6. e3 Nf6 7. Nge2 0-0 8. 0-0 Nc6 9. Rb1 Be6 10. b4 Rb8 11. b5 Ne7 12. a4 d5 13. cxd5 Nfxd5 14. Ba3 Nxc3 15. Nxc3 Rf7 16. Qc2 Nd5 17. Rfd1 f4 18. Nxd5 Bxd5 19. Bxd5 Qxd5 20. Qc5 Qe6 21. Qxa7 Re8 22. Qxb7 f3 23. Kh1 Qh3 24. Rg1 e4 25. dxe4 Re5 26. g4 Rh5 27. Qb8+ Rf8 28. Qxc7 Be5 29. Qxe5 Rxe5 30. Rg3 Qh4 31. Bxf8 Kxf8 32. b6 Re8 33. b7 Rb8 34. a5 Qf6 35. e5 Qc6 36. e4 Qxe4 37. Rb3 Qe1+ 38. Rg1 Qxa5 39. Rxf3+ Kg7 40. Rb3 Qxe5 41. f3 Qd5 42. Rgb1 Kf6 43. Kg2 Ke7 44. Rb5 Qc6 45. Rb6 Qc2+ 46. Kg3 Kf7 47. R1b2 Qc7+ 48. Kg2 Kg7 49. R6b3 Kh6 50. Rb5 Qf4 51. R5b4 Qe3 52. Rb5 Qd4 53. h4 Kg7 54. R5b4 Qe5 55. R4b3 Qd6 56. Rb6 Qe7 57. Kg3 Qc7+ 58. Kh3 Qc1 59. R2b3 Qh1+ 60. Kg3 Qg1+ 61. Kh3 Kf7 62. R6b4 Ke6 63. Re4+ Kd7 0-1

[Event "Titled Tuesday intern op 21st Jan Late"]
[Site "Chess.com INT"]
[Date "2025.01.21"]
[Round "1"]
[White "Wu, Derek"]
[Black "Romero Ruscalleda, Josep"]
[Result "0-1"]
[WhiteElo "2232"]
[BlackElo "2153"]
[PlyCount "118"]
[EventDate "2025.01.21"]
[EventType "swiss (blitz)"]
[EventRounds "11"]
[EventCountry "USA"]
[SourceTitle "CB05_2025"]
[SourceDate "2025.01.29"]
[SourceVersion "1"]
[SourceVersionDate "2025.01.29"]
[SourceQuality "1"]

1. d4 g6 2. e4 Bg7 3. c4 d6 4. Nc3 Nc6 5. d5 Nd4 6. Be3 c5 7. Nge2 Qb6 8. Qd2 Nf6 9. f3 Nxe2 10. Bxe2 0-0 11. 0-0 a6 12. Rab1 Qc7 13. b3 Rb8 14. Kh1 Bd7 15. a4 Qa5 16. Qc2 Ng4 17. Bd2 Nf6 18. f4 Qc7 19. Bd3 e6 20. Rbe1 exd5 21. cxd5 b5 22. e5 Ng4 23. h3 Nh6 24. axb5 axb5 25. Ne4 dxe5 26. Qxc5 Qxc5 27. Nxc5 Bf5 28. fxe5 Bxd3 29. Nxd3 Nf5 30. Bb4 Rfe8 31. Kh2 Rbd8 32. d6 Nd4 33. Ba5 Ra8 34. d7 Rf8 35. d8Q Rfxd8 36. Bxd8 Rxd8 37. Nc5 Re8 38. Nd7 Nc6 39. Nf6+ Bxf6 40. exf6 Kf8 41. Rxe8+ Kxe8 42. Rd1 Ne5 43. Rd5 Nd7 44. Rd6 b4 45. Kg3 Nc5 46. Kf4 Nxb3 47. Rb6 Nc5 48. Rxb4 Nd3+ 49. Kg5 Nxb4 50. Kh6 Kf8 51. Kxh7 Nd3 52. g3 Nf2 53. h4 Ng4 54. Kh8 Nxf6 55. g4 Nxg4 56. h5 gxh5 57. Kh7 h4 58. Kh8 h3 59. Kh7 h2 0-1

[Event "Titled Tuesday intern op 24th Sep Late"]
[Site "Chess.com INT"]
[Date "2024.09.24"]
[Round "5"]
[White "Romero Ruscalleda, Josep"]
[Black "Abrashkin, Boris Vladimirovich"]
[Result "1-0"]
[WhiteElo "2153"]
[BlackElo "2407"]
[PlyCount "79"]
[EventDate "2024.09.24"]
[EventType "swiss (blitz)"]
[EventRounds "11"]
[EventCountry "USA"]
[SourceTitle "EXT 2025"]
[Source "ChessBase"]
[SourceDate "2024.10.14"]
[SourceVersion "1"]
[SourceVersionDate "2024.10.14"]
[SourceQuality "1"]

1. e4 e6 2. d4 d5 3. e5 c5 4. c3 Nc6 5. Be3 Qb6 6. Qd2 cxd4 7. cxd4 Nge7 8. Nf3 Nf5 9. Nc3 Bd7 10. Rc1 g6 11. Na4 Qa5 12. Qxa5 Nxa5 13. Nc5 Nxe3 14. Nxd7 Nxg2+ 15. Bxg2 Kxd7 16. 0-0 Bh6 17. Rc3 Rac8 18. Ra3 Nc6 19. Rd1 a6 20. Ne1 Rc7 21. Kf1 Rhc8 22. Rh3 Bg5 23. Rxh7 Ke7 24. h4 Bf4 25. Nd3 Bh2 26. h5 g5 27. Ne1 Bf4 28. Nf3 g4 29. Nh4 Nxd4 30. Ng6+ Ke8 31. Nxf4 Rc1 32. Ke1 R8c2 33. h6 g3 34. fxg3 Nf5 35. Rxc1 Rxc1+ 36. Kd2 Rb1 37. Kc2 Rg1 38. Rg7 Nxh6 39. Bh3 Kf8 40. Rg5 1-0

[Event "Titled Tuesday intern op 24th Sep Early"]
[Site "Chess.com INT"]
[Date "2024.09.24"]
[Round "2"]
[White "Romero Ruscalleda, Josep"]
[Black "Fiorito, Francisco"]
[Result "0-1"]
[WhiteElo "2153"]
[BlackElo "2416"]
[PlyCount "86"]
[EventDate "2024.09.24"]
[EventType "swiss (blitz)"]
[EventRounds "11"]
[EventCountry "USA"]
[SourceTitle "EXT 2025"]
[Source "ChessBase"]
[SourceDate "2024.10.14"]
[SourceVersion "1"]
[SourceVersionDate "2024.10.14"]
[SourceQuality "1"]

1. e4 c5 2. c3 Nf6 3. e5 Nd5 4. Nf3 Nc6 5. Bc4 Nb6 6. Bb3 d5 7. exd6 Qxd6 8. 0-0 c4 9. Bc2 Bg4 10. Re1 e6 11. Qe2 Be7 12. Na3 Qc5 13. b4 cxb3 14. axb3 Qh5 15. Be4 Nd5 16. h3 Bxf3 17. Bxf3 Qf5 18. Be4 Qf6 19. Bb2 0-0 20. d4 Rfd8 21. Nc4 Rac8 22. Ne5 Nxe5 23. dxe5 Qg5 24. Rxa7 Nf4 25. Qf3 Bc5 26. Rxb7 Rd2 27. Bc1 Bxf2+ 28. Kh1 Bxe1 29. Bxd2 Bxd2 30. c4 Rf8 31. c5 Qxe5 32. c6 Qa1+ 33. Kh2 Nd5 34. Bxd5 Qe5+ 35. Kh1 exd5 36. c7 Bf4 37. g3 Bxg3 38. c8Q Rxc8 39. Qxf7+ Kh8 40. Re7 Qa1+ 41. Kg2 Qb2+ 42. Kxg3 Qxb3+ 43. Kg4 Rc4+ 0-1

[Event "Titled Tuesday intern op 24th Sep Late"]
[Site "Chess.com INT"]
[Date "2024.09.24"]
[Round "10"]
[White "Romero Ruscalleda, Josep"]
[Black "Harvey, Marcus Ross"]
[Result "0-1"]
[WhiteElo "2153"]
[BlackElo "2486"]
[PlyCount "40"]
[EventDate "2024.09.24"]
[EventType "swiss (blitz)"]
[EventRounds "11"]
[EventCountry "USA"]
[SourceTitle "EXT 2025"]
[Source "ChessBase"]
[SourceDate "2024.10.14"]
[SourceVersion "1"]
[SourceVersionDate "2024.10.14"]
[SourceQuality "1"]

1. e4 e6 2. d4 d5 3. e5 c5 4. c3 Qb6 5. Nf3 Nc6 6. Bd3 cxd4 7. 0-0 Bd7 8. Re1 a6 9. Qe2 h6 10. Bf4 Nge7 11. Rd1 g5 12. Bg3 dxc3 13. Nxc3 Nb4 14. Bb1 Rc8 15. a3 Nbc6 16. Bd3 Na5 17. Rac1 Nb3 18. Rc2 g4 19. Ne1 h5 20. Na4 Bxa4 0-1

[Event "Titled Tuesday intern op 24th Sep Early"]
[Site "Chess.com INT"]
[Date "2024.09.24"]
[Round "3"]
[White "Romero Ruscalleda, Josep"]
[Black "Kuznetsova, Olga1"]
[Result "1/2-1/2"]
[WhiteElo "2153"]
[BlackElo "2142"]
[PlyCount "128"]
[EventDate "2024.09.24"]
[EventType "swiss (blitz)"]
[EventRounds "11"]
[EventCountry "USA"]
[SourceTitle "EXT 2025"]
[Source "ChessBase"]
[SourceDate "2024.10.14"]
[SourceVersion "1"]
[SourceVersionDate "2024.10.14"]
[SourceQuality "1"]

1. e4 e6 2. d4 d5 3. e5 c5 4. c3 Nc6 5. Be3 cxd4 6. cxd4 f6 7. Nf3 fxe5 8. Nxe5 Nxe5 9. dxe5 Ne7 10. Nc3 Nc6 11. Bf4 Bc5 12. Bd3 Qe7 13. 0-0 0-0 14. Bg3 Bd7 15. a3 a6 16. Rc1 Rac8 17. Qg4 Qf7 18. Na4 Ba7 19. Nc3 Nd4 20. h4 Nf5 21. Bxf5 Qxf5 22. Qxf5 Rxf5 23. Rfd1 Rff8 24. Ne2 Ba4 25. Rxc8 Rxc8 26. Rc1 Rxc1+ 27. Nxc1 Bd4 28. b3 Bb5 29. a4 Be8 30. Kf1 Bg6 31. Ke2 Bc3 32. Nd3 b6 33. Bf4 Kf7 34. Be3 d4 35. Bd2 Be4 36. f3 Bd5 37. Bxc3 dxc3 38. Nc1 b5 39. axb5 axb5 40. Kd3 b4 41. Na2 Bxb3 42. Nxb4 Ba4 43. Kxc3 Bb5 44. Kd2 Bf1 45. g3 Kg6 46. Nd3 Kf5 47. Ke3 Bxd3 48. Kxd3 Kxe5 49. Ke3 h5 50. g4 g6 51. f4+ Kd5 52. gxh5 gxh5 53. Kd3 e5 54. fxe5 Kxe5 55. Ke3 Kf5 56. Kf3 Ke5 57. Kg3 Kf5 58. Kg2 Kf4 59. Kh2 Kg4 60. Kh1 Kxh4 61. Kg1 Kg3 62. Kh1 h4 63. Kg1 h3 64. Kh1 h2 1/2-1/2

[Event "Titled Tuesday intern op 17th Sep Late"]
[Site "Chess,com INT"]
[Date "2024.09.17"]
[Round "7"]
[White "Holinka, Henning"]
[Black "Romero Ruscalleda, Josep"]
[Result "1-0"]
[WhiteElo "2284"]
[BlackElo "2153"]
[PlyCount "69"]
[EventDate "2024.09.17"]
[EventType "swiss (blitz)"]
[EventRounds "11"]
[EventCountry "USA"]
[SourceTitle "EXT 2025"]
[Source "ChessBase"]
[SourceDate "2024.10.14"]
[SourceVersion "1"]
[SourceVersionDate "2024.10.14"]
[SourceQuality "1"]

1. Nf3 g6 2. g3 Bg7 3. Bg2 e5 4. d3 f5 5. 0-0 d6 6. c4 Nf6 7. Nc3 0-0 8. b4 h6 9. Bb2 g5 10. Nd2 f4 11. c5 Nc6 12. Qb3+ Kh8 13. e3 Qe8 14. b5 Ne7 15. cxd6 cxd6 16. Nc4 Be6 17. Qb4 Rd8 18. Nxd6 Qh5 19. exf4 gxf4 20. Nxb7 f3 21. Nxd8 Bh3 22. Bh1 Bxf1 23. Qxe7 Bxd3 24. Ne6 Rf7 25. Qd8+ Kh7 26. Qxd3+ Kg8 27. Nxg7 Rxg7 28. Nd5 Ng4 29. h4 Qxh4 30. gxh4 Ne3+ 31. Kh2 Ng4+ 32. Kg3 Nxf2+ 33. Kxf2 Rg2+ 34. Bxg2 fxg2 35. Qg6+ 1-0

[Event "Titled Tuesday intern op 17th Sep Late"]
[Site "Chess,com INT"]
[Date "2024.09.17"]
[Round "1"]
[White "Korchmar, Vasiliy"]
[Black "Romero Ruscalleda, Josep"]
[Result "1-0"]
[WhiteElo "2429"]
[BlackElo "2153"]
[PlyCount "95"]
[EventDate "2024.09.17"]
[EventType "swiss (blitz)"]
[EventRounds "11"]
[EventCountry "USA"]
[SourceTitle "EXT 2025"]
[Source "ChessBase"]
[SourceDate "2024.10.14"]
[SourceVersion "1"]
[SourceVersionDate "2024.10.14"]
[SourceQuality "1"]

1. e4 g6 2. d4 Bg7 3. c3 d6 4. Bd3 Nf6 5. Nf3 0-0 6. 0-0 Nbd7 7. Re1 e5 8. Nbd2 c6 9. a4 Qc7 10. h3 a5 11. Nc4 Re8 12. Bg5 h6 13. Bh4 Nh5 14. Bf1 g5 15. Bg3 Nxg3 16. fxg3 b6 17. d5 c5 18. Ne3 Nf8 19. Nd2 Ng6 20. Be2 Rf8 21. Bg4 Ne7 22. Bxc8 Qxc8 23. g4 Ng6 24. Ndc4 Qc7 25. Nf5 Rfd8 26. Qb3 Rab8 27. g3 Bf8 28. Rf1 Rd7 29. Rf3 Rb7 30. Raf1 Qb8 31. Qb5 Qc8 32. Kg2 Qd8 33. R1f2 Qc8 34. Na3 Qd8 35. Qf1 Qc8 36. Nb5 Qd8 37. Ne3 Qe8 38. Rf6 Kh7 39. Nc4 Bg7 40. Nbxd6 Qd8 41. Rxf7 Nf4+ 42. gxf4 Rxf7 43. Nxb7 Rxb7 44. fxe5 b5 45. axb5 Rxb5 46. Rf7 Rb8 47. Qf5+ Kh8 48. Qg6 1-0

[Event "Titled Tuesday intern op 10th Sep Late"]
[Site "Chess,com INT"]
[Date "2024.09.10"]
[Round "5"]
[White "Jing, Andrew"]
[Black "Romero Ruscalleda, Josep"]
[Result "1-0"]
[WhiteElo "2057"]
[BlackElo "2153"]
[PlyCount "61"]
[EventDate "2024.09.10"]
[EventType "swiss (blitz)"]
[EventRounds "11"]
[EventCountry "USA"]
[SourceTitle "EXT 2025"]
[Source "ChessBase"]
[SourceDate "2024.10.14"]
[SourceVersion "1"]
[SourceVersionDate "2024.10.14"]
[SourceQuality "1"]

1. d4 g6 2. c4 Bg7 3. e4 d6 4. Nc3 Nc6 5. Be3 e5 6. Nge2 exd4 7. Nxd4 Nge7 8. Qd2 0-0 9. Be2 f5 10. exf5 Nxd4 11. Bxd4 Bxd4 12. Qxd4 Nxf5 13. Qd5+ Kh8 14. 0-0-0 Qf6 15. Rhe1 Be6 16. Qd3 Qg5+ 17. Kb1 Qxg2 18. Bf3 Qxf2 19. Rxe6 Qxh2 20. Rh1 Qg3 21. Be4 Qxd3+ 22. Bxd3 Kg8 23. Nd5 Rf7 24. Bxf5 gxf5 25. Nf6+ Kf8 26. Nxh7+ Kg7 27. Ng5 Rf6 28. Re7+ Kg6 29. Nh7 Rh8 30. Rg1+ Kh6 31. Nxf6 1-0

[Event "Titled Tuesday intern op 10th Sep Late"]
[Site "Chess,com INT"]
[Date "2024.09.10"]
[Round "8"]
[White "Romero Ruscalleda, Josep"]
[Black "Herman, Daniel"]
[Result "0-1"]
[WhiteElo "2153"]
[BlackElo "1925"]
[PlyCount "78"]
[EventDate "2024.09.10"]
[EventType "swiss (blitz)"]
[EventRounds "11"]
[EventCountry "USA"]
[SourceTitle "EXT 2025"]
[Source "ChessBase"]
[SourceDate "2024.10.14"]
[SourceVersion "1"]
[SourceVersionDate "2024.10.14"]
[SourceQuality "1"]

1. e4 d6 2. d4 Nf6 3. Nc3 e5 4. Nf3 Nbd7 5. Bc4 Be7 6. 0-0 0-0 7. h3 c6 8. a4 b6 9. Be3 a6 10. Qe2 Bb7 11. dxe5 Nxe5 12. Nxe5 dxe5 13. Rad1 Qc7 14. f4 b5 15. fxe5 Qxe5 16. Bd4 Bc5 17. Rf5 Bxd4+ 18. Kh1 Qg3 19. Rxd4 bxc4 20. Qxc4 Rad8 21. a5 Rxd4 22. Qxd4 Bc8 23. Rf3 Qe1+ 24. Kh2 Re8 25. Rg3 Qf1 26. e5 Nh5 27. Rf3 Qe1 28. Ne4 Qxa5 29. Nd6 Qxe5+ 30. Qxe5 Rxe5 31. Nxc8 f5 32. Rc3 c5 33. Ra3 Re6 34. Ra5 f4 35. Rxc5 Ng3 36. h4 Re1 37. Kh3 h5 38. Rxh5 Nxh5 39. Kg4 Nf6+ 0-1

[Event "Titled Tuesday intern op 10th Sep Late"]
[Site "Chess,com INT"]
[Date "2024.09.10"]
[Round "3"]
[White "Toktomushev, Teimur"]
[Black "Romero Ruscalleda, Josep"]
[Result "1-0"]
[WhiteElo "2274"]
[BlackElo "2153"]
[PlyCount "69"]
[EventDate "2024.09.10"]
[EventType "swiss (blitz)"]
[EventRounds "11"]
[EventCountry "USA"]
[SourceTitle "EXT 2025"]
[Source "ChessBase"]
[SourceDate "2024.10.14"]
[SourceVersion "1"]
[SourceVersionDate "2024.10.14"]
[SourceQuality "1"]

1. d4 g6 2. e4 Bg7 3. Nf3 d6 4. Bd3 a6 5. 0-0 Nf6 6. h3 0-0 7. Nbd2 Nc6 8. c3 e5 9. Re1 Re8 10. dxe5 dxe5 11. Qc2 Nh5 12. Nc4 Be6 13. Bg5 f6 14. Be3 Qe7 15. a4 Rad8 16. Rad1 Qf7 17. b3 b5 18. axb5 axb5 19. Ncd2 b4 20. Bc4 bxc3 21. Qxc3 Nf4 22. Bxf4 exf4 23. Bxe6 Qxe6 24. Nc4 f5 25. e5 h6 26. Nd6 Re7 27. Qxc6 cxd6 28. exd6 Qxe1+ 29. Rxe1 Rxe1+ 30. Nxe1 Bf6 31. Qd5+ Kg7 32. d7 h5 33. Nd3 g5 34. Nc5 Ra8 35. Qxa8 1-0

[Event "Titled Tuesday intern op 20th Aug Late"]
[Site "Chess.com INT"]
[Date "2024.08.20"]
[Round "3"]
[White "Koksal, Ege"]
[Black "Romero Ruscalleda, Josep"]
[Result "1-0"]
[WhiteElo "2316"]
[BlackElo "2153"]
[PlyCount "69"]
[EventDate "2024.08.20"]
[EventType "swiss (blitz)"]
[EventRounds "11"]
[EventCountry "USA"]
[SourceTitle "EXT 2025"]
[Source "ChessBase"]
[SourceDate "2024.10.14"]
[SourceVersion "1"]
[SourceVersionDate "2024.10.14"]
[SourceQuality "1"]

1. c4 g6 2. Nc3 Bg7 3. d4 d6 4. e4 Nc6 5. Nf3 Bg4 6. d5 Nd4 7. Be2 Nxe2 8. Qxe2 Nf6 9. 0-0 0-0 10. h3 Bd7 11. e5 dxe5 12. Nxe5 Bf5 13. Re1 Re8 14. Bg5 h6 15. Bh4 g5 16. Bg3 Nd7 17. Rad1 Nxe5 18. Bxe5 Qd7 19. Bxg7 Kxg7 20. Nb5 f6 21. Nd4 Kf7 22. Qh5+ Bg6 23. Qf3 Rac8 24. Re6 Qa4 25. b3 Qxa2 26. Rde1 Qd2 27. Nf5 Qb4 28. Nxh6+ Kg7 29. Nf5+ Bxf5 30. Qxf5 Rcd8 31. h4 gxh4 32. R1e4 Rd6 33. Rg4+ Kf8 34. Qh7 Qe1+ 35. Rxe1 1-0

[Event "Titled Tuesday intern op 20th Aug Early"]
[Site "Chess.com INT"]
[Date "2024.08.20"]
[Round "5"]
[White "Kucuksari, Kaan"]
[Black "Romero Ruscalleda, Josep"]
[Result "1-0"]
[WhiteElo "2455"]
[BlackElo "2153"]
[PlyCount "43"]
[EventDate "2024.08.20"]
[EventType "swiss (blitz)"]
[EventRounds "11"]
[EventCountry "USA"]
[SourceTitle "EXT 2025"]
[Source "ChessBase"]
[SourceDate "2024.10.14"]
[SourceVersion "1"]
[SourceVersionDate "2024.10.14"]
[SourceQuality "1"]

1. d4 g6 2. e4 Bg7 3. Nf3 d6 4. Bd3 a6 5. 0-0 Nf6 6. Nc3 b5 7. e5 Nfd7 8. Re1 0-0 9. a4 b4 10. Nd5 a5 11. exd6 exd6 12. Ne7+ Kh8 13. Bg5 f6 14. Nh4 fxg5 15. Nhxg6+ hxg6 16. Nxg6+ Kg8 17. Bc4+ Rf7 18. Re7 d5 19. Bxd5 Nf8 20. Bxf7+ Kh7 21. Qh5+ Bh6 22. Be8+ 1-0